00327nam a2200109Ia 4500008004000000082001500040100003300055245004300088260004900131300001200180650002500192210210b2000 xxu||||| |||| 00| 0 eng d a338.9 TANE aTANEJA (M L) and MYER (R M). aEconomics of development and planning. aJalandharbShoban Lal Nagin Chand & Coc2000 axii,257 aEconomic Development